000 00822nam a2200265Ia 4500
003 OSt
005 20220918171534.0
006 a|||||r|||| 00| 0
007 ta
008 220917b |||||||| |||| 00| 0 eng d
020 _a9781848602182 (pbk)
_c1759.66
024 _a245,259
037 _b005, 21/01/2011, Independent Publishers Group
_cTextual
040 _aARTS
_cARTS
_beng
041 _2eng
_aeng
082 _aSigma:f:(B28), P5;P9
100 _aRichards Lyn
_920832
245 0 _aHandling qualitative data
_b Practical guide
250 _a2nd
260 _aLos Angeles
_b Sage USA
_c2009
300 _axiv,216p.
_ccm.
650 _aSOCIAL SCIENCES
942 _hSigma:f:(B28), P5;P9
_cTEXL
_2CC
999 _c139994
_d139994